000 00539nam a2200181Ia 4500
008 181130s2018 xx 000 0 und d
100 _aBrighenti, Andrea Mubi
245 _aMorphogenesis and animistic moments:
_bon social formation and territorial production
260 _c2018
300 _ap.249-272.
504 _dJun
650 _aIndividual and social aggregates
650 _aSocial theory
650 _aTerritory making
700 _aKarrholm, Mattias
773 _aSocial Science Information
906 _aSocial theory
999 _c506266
_d506266